[Sammelmappe mit Kleinschrifttum von verschiedenen freichristlichen und freireligiösen Gruppen]: [1910-1927, 1947, 1998]

Saved in:  
Bibliographic Details
Corporate Authors: National Federation of Religious Liberals. Herausgebendes Organ (Issuing body) ; Bund für Freies Christentum. Herausgebendes Organ (Issuing body)
Format: Print Book
Language:German
Subito Delivery Service: Order now.
Check availability: HBZ Gateway
Interlibrary Loan:Interlibrary Loan for the Fachinformationsdienste (Specialized Information Services in Germany)
Published: [Deutschland] [USA] [zwischen 1910 und 1998]
In:Year: 1910
Further subjects:B Free-thinking religious person
Sammlungen:

MARC

LEADER 00000cam a22000002c 4500
001 1878029312
003 DE-627
005 20240114001208.0
007 tu
008 240113s1910 xx ||||| 00| ||ger c
035 |a (DE-627)1878029312 
035 |a (DE-599)KXP1878029312 
040 |a DE-627  |b ger  |c DE-627  |e rda 
041 |a ger 
084 |a 0  |2 ssgn 
084 |a BP 7552  |2 rvk  |0 (DE-625)rvk/15127:349 
245 0 0 |a [Sammelmappe mit Kleinschrifttum von verschiedenen freichristlichen und freireligiösen Gruppen]  |b [1910-1927, 1947, 1998]  |c National Federation of Religious Liberals ; Bund für freies Christentum 
264 1 |a [Deutschland]  |a [USA]  |c [zwischen 1910 und 1998] 
300 |a 1 Box (18 Einheiten) 
336 |a Text  |b txt  |2 rdacontent 
337 |a ohne Hilfsmittel zu benutzen  |b n  |2 rdamedia 
338 |a Band  |b nc  |2 rdacarrier 
601 |a Kleinschrifttum 
601 |a Freireligiöse 
601 |a Verschiedenheit 
650 0 7 |0 (DE-588)4127701-6  |0 (DE-627)105722782  |0 (DE-576)209595817  |a Freireligiöse  |2 gnd 
710 2 |a National Federation of Religious Liberals  |e Herausgebendes Organ  |4 isb 
710 2 |a Bund für Freies Christentum  |e Herausgebendes Organ  |4 isb 
936 r v |a BP 7552  |b Quellen  |k Theologie und Religionswissenschaften  |k Evangelische Kirchengeschichte  |k Freikirchen und Sondergruppen  |k Rationalistische Gruppen  |k Freireligiöse  |k Quellen  |0 (DE-627)1273446593  |0 (DE-625)rvk/15127:349  |0 (DE-576)203446593 
951 |a BO 
ELC |b 1 
LOK |0 000 xxxxxcx a22 zn 4500 
LOK |0 001 4457461261 
LOK |0 003 DE-627 
LOK |0 004 1878029312 
LOK |0 005 20240325134150 
LOK |0 008 240113||||||||||||||||ger||||||| 
LOK |0 035   |a (DE-Tue135)REMID495461687 
LOK |0 040   |a DE-Tue135  |c DE-627  |d DE-Tue135 
LOK |0 092   |o n 
LOK |0 852   |a DE-Tue135 
LOK |0 852 1  |9 00 
LOK |0 866   |x SPQUE#Universitätsbibliothek Marburg#SPSAM#Archiv des Religionswissenschaftlichen Medien- und Informationsdienstes e. V. (REMID) 
LOK |0 935   |a remi 
LOK |0 939   |a 13-01-24  |b l01 
ORI |a SA-MARC-ixtheoa001.raw 
REL |a 1 
STA 0 0 |a Free-thinking religious person 
STB 0 0 |a Dissidents religieux 
STC 0 0 |a Religiosidad libre 
STD 0 0 |a Libera religiosità 
STE 0 0 |a 思想自由的教宗人仕 
STF 0 0 |a 思想自由的教宗人仕 
STG 0 0 |a Religiosidade livre 
STH 0 0 |a Свободный верующий 
STI 0 0 |a Ελεύθερη θρησκευτικότητα 
SUB |a REL